Filme erraten - Bildausschnitte #2 - Statistiken

Allgemein
  • Dieses Quiz wurde 675 mal gespielt
  • Das Durchschnittsergebnis liegt bei 6 aus 15
Antwortstatistiken
Bildquiz Antwort % Korrekt
Matrix
90%
Avatar
80%
The Fast and the Furious 1
77%
Shrek 3
75%
Joker
69%
In Time
50%
Chihiros Reise ins Zauberland
47%
Findet Dorie
47%
Maze Runner
35%
Captain Phillips
20%
Sweeney Todd
16%
Train to Busan
16%
The Visit
10%
Das geheime Fenster
9%
Triangle
2%
Keine übereinstimmenden Quizze gefunden
Verteilung der Resultate
Anzahl Personen mit jedem Resultat
Perzentil nach korrekt beantworteten Fragen
Ihre Resultats-Entwicklung
Sie haben dieses Quiz noch nicht gespielt